00749cam a22002291 4500001001300000003000400013005001700017008004100034010001700075035002000092040001800112042001200130050003300142100002300175245014000198250001300338260004600351300001800397500004200415650004500457999001700502sa 68014571 DLC20260227112633.0891026s1966 io 000 0 ind  asa 68014571  a(OCoLC)23553937 aDLCcMiUdDLC apremarc00aLAW 1 aMuhammad, Mawardy.10aIlmu faraidl;buntuk P. G. A. A., S. M. A. I., Madrasah Landjut Atas dan pedjabat pada kantorkantor dalam lingkungan Kementerian Agama. aTjet. 2. aPadang Pandjang,bSa'adijah Putra,c1966. a83 p.c21 cm. aIncludes text of the Koran in Arabic. 0aInheritance and succession (Islamic law) c85885d85885